00862nam a2200241 a 450000100060000000300080000600500170001400800410003103500190007204000230009104100080011408200270012224501020014926000360025130000260028750400410031365000300035465000250038470000400040994200120044999900170046195201420047867968BD-RjUL20211209081722.0170329s1967 nyu b 001 0 eng d a(BD-RjUL)68177 aDLCcDLCdDLCbeng aeng00223a616.8583bSEX 196710aSexual problems :bdiagnosis and treatment in medical practice /cedited by Charles William Wahl. aNew York :bFree Press,cc1967. axix, 300 p. ;c22 cm. aIncludes bibliographies and indexes. 0aSexual disorders.9201458 0aSex therapy.9201459 aWahl, Charles William [ed.]9201460 2ddccBK c67968d67968 00102ddc40718NFICaRUCLbRUCLcReadingd1970-01-22eZeitlingerg75.00l0o616.8583 SEX 1967r2017-03-29 00:00:00tC-1w2017-03-29yBK